01345cam a2200349 a 45000010009000000050017000090080041000260200028000670200031000950200038001260200035001640200024001990200021002230820020002441000030002642450070002942500021003642600044003853000025004294900028004545040051004826500038005336500033005716510047006046510058006516510041007096510046007506530021007969420012008179990017008299520149008461640102220130131152851.0100812s2011 enk b 001 0 eng  a0415474795 (alk. paper) a9780415474795 (alk. paper) a9780415474801 (pbk. : alk. paper) a0415474809 (pbk. : alk. paper) a9780203830987 (ebk) a0203830989 (ebk)00a320.95222bYAH1 aYahuda, Michael B.93224714aThe International Politics of the Asia-Pacific /cMichael Yahuda. a3rd and rev. ed. aLondon ;aNew York :bRoutledge,c2011. axv, 366 p. ;c24 cm.0 aPolitics in Asia series aIncludes bibliographical references and index. 0aWorld politicsy1945-1989.932248 0aWorld politicsy1989-932249 0aEast AsiaxPolitics and government.921208 0aSoutheast AsiaxPolitics and governmenty1945-912044 0aEast AsiaxForeign relations.932250 0aSoutheast AsiaxForeign relations.932251 bPolcJanuary2013 2ddccBB c17195d17167 00102ddc40708M-E-OaMAINbMAINc1STd2013-01-31epurchaseg249.00h001341l3m16o320.95 YAHp000027958r2025-07-15 00:00:00s2020-03-01yBB